Climate change mitigation finance for smallholder agriculture : (Record no. 20991)

000 -LEADER
fixed length control field 00996cam a22002657a 4500
020 ## - INTERNATIONAL STANDARD BOOK NUMBER
ISBN 9789251070826
020 ## - INTERNATIONAL STANDARD BOOK NUMBER
ISBN 9251070822
040 ## - CATALOGING SOURCE
Transcribing agency AGL
082 ## - DEWEY DECIMAL CLASSIFICATION NUMBER
Classification number 334 FAO 2011 C146 Or.
245 00 - TITLE STATEMENT
Title Climate change mitigation finance for smallholder agriculture :
Remainder of title a guide book to harvesting soil carbon sequestration benefits /
246 1# - VARYING FORM OF TITLE
Title proper/short title Guide book to harvesting soil carbon sequestration benefits
246 1# - VARYING FORM OF TITLE
Title proper/short title Guidebook to harvesting soil carbon sequestration benefits
260 ## - PUBLICATION, DISTRIBUTION, ETC. (IMPRINT)
Place of publication Rome, Italy :
Name of publisher FAO,
Year of publication [2011]
300 ## - PHYSICAL DESCRIPTION
Number of Pages 83 p. :
Other physical details ill. (chiefly col.) ;
Dimensions 30 cm.
500 ## - GENERAL NOTE
General note "November 2011."
650 #0 - SUBJECT ADDED ENTRY--TOPICAL TERM
Topical Term Climatic changes
650 #0 - SUBJECT ADDED ENTRY--TOPICAL TERM
Topical Term Climate change mitigation
650 #0 - SUBJECT ADDED ENTRY--TOPICAL TERM
Topical Term Carbon sequestration
650 #0 - SUBJECT ADDED ENTRY--TOPICAL TERM
Topical Term Carbon sequestration
650 #0 - SUBJECT ADDED ENTRY--TOPICAL TERM
Topical Term Farms, Small
700 1# - ADDED ENTRY--PERSONAL NAME
Personal name Lipper, Leslie.
710 2# - ADDED ENTRY--CORPORATE NAME
Corporate name or jurisdiction name as entry element Food and Agriculture Organization of the United Nations.
856 41 - ELECTRONIC LOCATION AND ACCESS
Uniform Resource Identifier http://www.fao.org/climatechange/29763-0daebeae838c70f713da780982f16e8d9.pdf
942 ## - ADDED ENTRY ELEMENTS (KOHA)
Koha item type ADB
952 ## - LOCATION AND ITEM INFORMATION (KOHA)
Withdrawn status [LOCAL, KOHA] 0
Holdings
Permanent Location Date acquired Koha item type Lost status Shelving location Barcode Current Location Full call number
Library Block C2023-01-31ADB C146a071444Library Block C334 FAO 2011 C146 Or.
មជ្ឈមណ្ឌលឯការនៃសាកលវិទ្យាល័យភូមិន្ទកសិកម្មចំការដូង

Powered by Koha